Loading...
In which part of south Asia did the early brahmanical tradition (1st millennium B.C.) take its form?
| Main Author: | |
|---|---|
| Format: | Printed Book |
| Published: |
Studies in History 1993; 9; 1
1993
|
| Subjects: | |
| Online Access: | http://10.26.1.76/ks/00644.pdf |
| LEADER | 004560000a22001330004500 | ||
|---|---|---|---|
| 100 | |a Kumkum Roy | ||
| 245 | |a In which part of south Asia did the early brahmanical tradition (1st millennium B.C.) take its form? | ||
| 260 | |c 1993 | ||
| 260 | |b Studies in History 1993; 9; 1 | ||
| 650 | |a INDIA CIVILISATION | ||
| 856 | |u http://10.26.1.76/ks/00644.pdf | ||
| 942 | |c KS | ||
| 999 | |c 70032 |d 70032 | ||
| 952 | |0 0 |1 0 |4 0 |7 0 |9 61996 |a MGUL |b MGUL |d 2015-08-01 |l 0 |r 2015-08-01 |w 2015-08-01 |y KS | ||